| 000 | 00610nam a2200229 a 4500 | ||
|---|---|---|---|
| 999 |
_c5536 _d5536 |
||
| 001 | 5536 | ||
| 003 | BD-JhCC | ||
| 005 | 20171217193402.0 | ||
| 008 | 171217s1965 e |||| || | 001 0 eng d | ||
| 035 | _a(BD-JhCC)5536 | ||
| 040 |
_aBD-JhCC _dBD-JhCC |
||
| 041 | _aeng | ||
| 082 |
_a370.153 _bEVA 1965 |
||
| 100 | _aEvans, K. M. | ||
| 245 |
_aAttitudes and interests in Education / _cK. M. Evans, |
||
| 260 |
_aLondon : _bRoutledge & Kegan Paul, _c1965. |
||
| 300 |
_a168 p. : _c19 cm. |
||
| 504 | _aincludes index and Bibliography | ||
| 650 | _aAttitude(psychology) | ||
| 942 |
_2ddc _cBK |
||